000 00191 a2200097 4500
020 _a9780395831540
041 _aspa
100 _aCanetti,Yanitzia
245 _aEl Coyote Catarin
942 _cBK
999 _c15000
_d15000